000 00478nam a2200169Ia 4500
008 090711s9999 xx 000 0 und d
082 _b78780
100 _aघाटे निरंजन
245 _aआक्रमण
260 _bरोहन प्रकाशन
_c1995
300 _a64
600 _aघाटे निरंजन
630 _aआक्रमण
700 _aघाटे निरंजन
730 _aआक्रमण
942 _cBOOK
999 _c290725
_d290725